01609cam a2200349 a 4500001001000000003000400010005001700014008004100031020001500072040002500087082001700112100003800129245011500167260012500282300002800407490002600435500007300461500007200534504005500606590002700661600005000688600007200738650004300810651005200853651005700905830003100962942001300993952011801006952010601124956001401230999001501244000009219OSt20200929161525.0040727s2002 pr a b 000 0 spa c a1932271015 aDO-SdBNPbspacBNPHU a917.291bxxx1 aIzquierdo, Yolanda,d1954-92390410aAcoso y ocaso de una ciudad :bLa Habana de Alejo Carpentier y Guillermo Cabrera Infante /cYolanda Izquierdo. aSan Juan, (Puerto Rico) :bIsla Negra,bOficina del Rector, Recinto de Río Piedras, Universidad de Puerto Rico,c2002. a273 p. :bil. ;c23 cm.1 aVisiones y cegueras ; aIncluye referencias bibliográficas y notas al pie de las páginas aIncluye datos biograficos de la autora en la solapa de la portada.  aIncluye referencias bibliográficas (p. 241-273). aInventariado, 2020/ YL14aCARPENTIER, ALEJO,d1904-1980.tACOSO.92390514aCABRERA INFANTE, Gq(GUILLERMO),d1929-tTRES TRISTES TIGRES923906 4aCulturazLa Habana (Cuba{Rpara}923907 4aLa Habana (Cuba{Rpara}xVida Intelectual923908 4aHabana (Cuba{Rpara}xVida Social Y Costumbres923909 0aVisiones y cegueras.91120 2ddccLF1 00102ddc50718MOaGRbGRcCTd2009-09-28eDonación iLF1l0o917.291 xxxp9219-10r2020-06-25w2020-06-25y1 00102ddc507-18MOaGRbGRcMId2017-04-10iLF1l0o917.291 xxxp9219-20r2020-06-25w2020-06-25y1 aYLOCKWARD c8982d8982